LEADER 01449cam--2200421---450- 001 990005903970203316 005 20131107110541.0 010 $a978-3-428-13840-1 035 $a000590397 035 $aUSA01000590397 035 $a(ALEPH)000590397USA01 035 $a000590397 100 $a20131031d2013----km-y0itay50------ba 101 $ager 102 $aDE 105 $a||||||||001yy 200 1 $aFreihet und Sicherheit in Deutschland und Europa$eFestschrift für Hans-Jürgen Papier zum 70. Gebustatag$fHerausgegeben von Wolfgang Durner, Franz-Joseph Peine 210 $aBerlin$cDuncker & Humblot$d2013 215 $a670 p.$d24 cm 606 0 $aGermania$xRapporti [con] l'Unione europea$2BNCF$xScritti in onore 676 $a327.4304 700 1$aDURNER,$bWolfgang$0261614 701 1$aPEINE,$bFranz-Joseph$0618038 701 1$aSHIRVANI,$bForoud$0618039 702 1$aPAPIER,$bHans-Jürgen 801 0$aIT$bsalbc$gISBD 912 $a990005903970203316 951 $aXXI.4. 595$b77940 G.$cXXI.4.$d00343904 959 $aBK 969 $aGIU 979 $aCHIARA$b90$c20131031$lUSA01$h1110 979 $aCHIARA$b90$c20131031$lUSA01$h1122 979 $aCHIARA$b90$c20131031$lUSA01$h1124 979 $aCHIARA$b90$c20131031$lUSA01$h1124 979 $aCHIARA$b90$c20131107$lUSA01$h1105 979 $aCHIARA$b90$c20131107$lUSA01$h1105 996 $aFreihet und Sicherheit in Deutschland und Europa$91074912 997 $aUNISA LEADER 01292nam1 22002893i 450 001 VAN0117505 005 20180906111234.473 100 $a20180906g1965 |0itac50 ba 101 $aita 102 $aIT 105 $a|||| ||||| 200 1 $aˆLa ‰successione e la distinzione fra successio in ius e successio in locum$fUbaldo Robbe 210 $aMilano$cGiuffré 215 $avolumi$d25 cm. 410 1$1001VAN0004546$12001 $aPubblicazioni dell'Istituto di scienze giuridiche, economiche, politiche e sociali dell'Università di Messina$1210 $aMilano$cGiuffrè.$v71 463 1$1001VAN0117506$12001 $aˆ<> 1$fUbaldo Robbe$1205 $aMilano : Giuffre, 1965$1210 $a233 p.$a25 cm$1215 $aBiblioteca Lauria.$v1 606 $aRes $3VANC001274$2FI 606 $aRes nullius$3VANC006940$2FI 606 $aRes nullius in bonis$3VANC006941$2FI 620 $dMilano$3VANL000284 676 $a346$cDiritto privato$v22 700 1$aRobbe$bUbaldo$3VANV009653$0229031 712 $aGiuffrè $3VANV109181$4650 801 $aIT$bSOL$c20230616$gRICA 912 $aVAN0117505 996 $aSuccessione e la distinzione fra successio in ius e successio in locum$91520442 997 $aUNICAMPANIA